Statistiques concernant Culture Générale - Série 1600

Cliquez ici pour prendre le quiz!

Statistiques générales

  • Ce quiz a été pris 151 fois
  • Le résultat moyen est 6 sur 10

Statistiques - réponses

QuestionRéponse% Correct
Comment se prénommait la princesse britannique surnommée "Lady Di" ?Diana
98%
En 1965, quel prix France Gall a-t-elle remporté avec la chanson "Poupée de cire, poupée de son" ?L'Eurovision
93%
En 1938, quel pays est envahi et rattaché à l'Allemagne lors de l'Anschluss ?Autriche
87%
En 1973, avec quelle chanteuse Johnny Hallyday a-t-il interprété "J'ai un problème" ?Sylvie Vartan
71%
De quel anglicisme le mot "show-biz" est-il l'abréviation ?Show-business
68%
Quel mot italien, proche du mot "embrouille", désigne une situation confuse ?imbroglio
57%
Dans quelle ville peut-on visiter le musée de la Marionnette, installé dans l'hôtel Gadagne ?Lyon
56%
Quel était le prénom de la chanteuse du groupe des années 70 "Il était une fois" ?Joelle
36%
A quel peintre français, figure de proue du classicisme, doit-on le tableau : "Marat assassiné" ?David
35%
Quel acteur prénommé Christophe est le partenaire de Nicole Garcia dans “Péril en la demeure” ?Christophe Malavoy
21%

Distribution des résultats

Percentile par nombre de réponses

% des personnes avec chaque résultat

Votre développement - résultats

Vous n’avez pas pris ce quiz